Stalking: análisis jurídico, fenomenológico y victimológico

Պահպանված է:
Մատենագիտական մանրամասներ
Հիմնական հեղինակ: Villacampa Estiarte, Carolina (Հեղինակ)
Ձևաչափ: Գիրք
Լեզու:իսպաներեն
Հրապարակվել է: Pamplona, España Aranzadi SAU 2018
Շարք:Estudios
Խորագրեր:
Ցուցիչներ: Ավելացրեք ցուցիչ
Չկան պիտակներ, Եղեք առաջինը, ով նշում է այս գրառումը!

MARC

LEADER 00000cam a2200000 a 4500
001 UCC8070
003 CL-VaPUC
005 20240819123708.0
008 190531e20180000sp |||||||||||||||||spa|d
999 |c 374508  |d 374506 
020 |a 9788491774075 
020 |a 9788491774099 
040 |c Pontificia Universidad Católica de Valparaíso 
082 0 4 |a 364.15553 VIL 2018  |2 21 
100 0 |a Villacampa Estiarte, Carolina  |e author  |9 602759 
245 1 0 |a Stalking: análisis jurídico, fenomenológico y victimológico 
260 |a Pamplona, España  |b Aranzadi SAU  |c 2018 
300 |a 428 páginas 
440 |a Estudios  |9 856671 
583 |a last modification  |c 20190531 13:26:00  |k Rodrigo Vera 
650 0 |a Violencia de género   |9 535002 
650 0 |a Derecho penal español  |9 368528 
650 0 |a Acoso   |9 521003 
852 |a BIBDER 
942 |c BK  |2 ddc 
945 |d 20190531 13:26:00  |a dcastane 
952 |0 0  |1 0  |3 erb  |4 0  |6 364_155530000000000_VIL_2018  |7 0  |8 A  |9 493065  |a BIBDER  |b BIBDER  |i 5550378  |o 364.15553 VIL 2018  |p 5550378  |r 2023-01-25  |w 2019-11-24  |y BK  |z Catalogado en:20190531  |k DER